BTS Baepsae/Silver Spoon - Lyrics - Statistics

General Stats
  • This quiz has been taken 11 times
  • The average score is 53 of 112
Answer Stats
Lyrics % Correct
me
100%
me)
100%
me,
100%
call
80%
(Call
80%
They
80%
you
70%
you,
70%
You
70%
kiddin'
50%
must
50%
be
40%
chase
40%
(Chase
40%
'em
40%
'em)
40%
(Oh)
40%
oh,
40%
(Yeah,
40%
yeah)
40%
bang)
30%
bang,
30%
bang
30%
maintain
30%
(Woo),
30%
woo,
30%
woo)
30%
(Woo,
30%
(Woo)
30%
(What?)
20%
are
10%
crazy?
10%
(No,
10%
say,
10%
(Ayy)
0%
change,
0%
Change
0%
change
0%
(Eh)
0%
(Never,
0%
never,
0%
(Shit,
0%
No matching quizzes found
Score Distribution
Percent of People with Each Score
Percentile by Number Answered
Your Score History
You have not taken this quiz